International Economics / (Record no. 16800)
[ view plain ]
| 000 -LEADER | |
|---|---|
| fixed length control field | 00915nam a22002658a 4500 |
| 001 - CONTROL NUMBER | |
| control field | 015679008 |
| 003 - CONTROL NUMBER IDENTIFIER | |
| control field | Uk |
| 005 - DATE AND TIME OF LATEST TRANSACTION | |
| control field | 20120229090711.0 |
| 008 - FIXED-LENGTH DATA ELEMENTS--GENERAL INFORMATION | |
| fixed length control field | 101022s2011 nyu 000 0 eng|d |
| 020 ## - INTERNATIONAL STANDARD BOOK NUMBER | |
| International Standard Book Number | 1429269030 |
| 020 ## - INTERNATIONAL STANDARD BOOK NUMBER | |
| International Standard Book Number | 9781429269032 |
| 082 04 - DEWEY DECIMAL CLASSIFICATION NUMBER | |
| Classification number | 337 |
| Edition number | 22 |
| Item number | FEE |
| 100 1# - MAIN ENTRY--PERSONAL NAME | |
| Personal name | Feenstra, Robert C. |
| 9 (RLIN) | 30250 |
| 245 10 - TITLE STATEMENT | |
| Title | International Economics / |
| Statement of responsibility, etc | Robert Christopher Feenstra, Alan M. Taylor. |
| 250 ## - EDITION STATEMENT | |
| Edition statement | 2nd ed., International ed. |
| 260 ## - PUBLICATION, DISTRIBUTION, ETC. (IMPRINT) | |
| Place of publication, distribution, etc | New York : |
| Name of publisher, distributor, etc | Worth ; |
| Place of publication, distribution, etc | Basingstoke : |
| Name of publisher, distributor, etc | Palgrave [distributor], |
| Date of publication, distribution, etc | c2012. |
| 263 ## - PROJECTED PUBLICATION DATE | |
| Projected publication date | 201102 |
| 300 ## - PHYSICAL DESCRIPTION | |
| Extent | 1 v. (various pagings). |
| 500 ## - GENERAL NOTE | |
| General note | Originally published: 2008. |
| 650 #0 - SUBJECT ADDED ENTRY--TOPICAL TERM | |
| Topical term or geographic name as entry element | International economic relations. |
| 9 (RLIN) | 30251 |
| 653 ## - INDEX TERM--UNCONTROLLED | |
| Resource For college | |
| Arrived date list | June2012 |
| 700 1# - ADDED ENTRY--PERSONAL NAME | |
| Personal name | Taylor, Alan M., |
| Dates associated with a name | 1964- |
| 9 (RLIN) | 30252 |
| 942 ## - ADDED ENTRY ELEMENTS (KOHA) | |
| Source of classification or shelving scheme | Dewey Decimal Classification |
| Item type | Book - Borrowing |
| Withdrawn status | Item status | Source of classification or shelving scheme | Damaged status | Not for loan | Vendor | Home library | Current library | Shelving location | Date acquired | Source of acquisition | Cost, normal purchase price | Serial Enumeration / chronology | Total Checkouts | Total Renewals | Full call number | Barcode | Date last seen | Date last borrowed | Koha item type |
|---|---|---|---|---|---|---|---|---|---|---|---|---|---|---|---|---|---|---|---|
| Dewey Decimal Classification | Baccah | Central Library | Central Library | First floor | 27/06/2012 | 272.00 | 15316 | 3 | 26 | 337 FEE | 000026890 | 15/07/2025 | 02/01/2022 | Book - Borrowing |